Name the US city- using clues - Statistics

General Stats
  • This quiz has been taken 26 times
  • The average score is 10 of 12
Answer Stats
Hint Answer % Correct
Windy, O’Hare, Willis Tower Chicago
100%
Beaches, nightlife, Cubans Miami
100%
Comcast, America’s First Zoo, famous bell Philadelphia
95%
CNN, Coca Cola, highways and traffic Atlanta
91%
Irish, cold winters, Larry Bird Boston
91%
Nuggets, snow, mountains Denver
86%
Brewers, cheese, Harley-Davidson Milwaukee
86%
Petco Park, near Mexico, US Navy San Diego
86%
Crabs, large African-American population, has a harbor Baltimore
68%
No sales tax, Joe Biden, shares name with another US city Wilmington
59%
DuPont Circle, highly educated residents, great metro system Washington DC
55%
Has a large international airport, neighbor of another large city, home of the Prudential Center Newark
41%
No matching quizzes found
Score Distribution
Percent of People with Each Score
Percentile by Number Answered
Your Score History
You have not taken this quiz